000 04966cjm a2200853 a 4500
001 data
005 20260322212122.0
007 data
008 data
035 _a20938409
906 _a7
_bcbc
_ccopycat
_d2
_encip
_f20
_gy-soundrec
925 0 _aacquire
_b2 shelf copies
_xpolicy default
010 _a 2019619425
015 _a20141500379
_2can
016 _a(AMICUS)000032470044
024 1 _a791558196825
028 0 0 _a7915581968-2
_bGhostlight Records
_q(disc label)
028 0 0 _a1968-2
_bGhostlight Records
_q(container spine)
033 0 0 _a20041001
_b3804
_cN4
035 _a(OCoLC)61281223
040 _aFQG
_beng
_cFQG
_dDLC
_dNYP
_dGSC
_dTEF
_dID1
_dOCLCF
_dNLC
_dOCLCQ
_dDLC
042 _alccopycat
045 0 _bd1968
050 0 0 _aSDD 17604
082 0 4 _a782.1/4
_222
084 _acci1icc
_2lacc
084 _acoll9
_2lacc
100 1 _aMacDermot, Galt.
245 1 0 _aHair :
_bthe Actors' Fund of America benefit recording /
_c[music by Galt MacDermot ; book and lyrics by Gerome Ragni and James Rado].
260 _aNew York, NY :
_bGhostlight Records,
_c℗2005.
300 _a1 audio disc (70 min., 35 sec.) :
_bdigital ;
_c4 3/4 in.
306 _a011035
336 _aperformed music
_bprm
_2rdacontent
337 _aaudio
_bs
_2rdamedia
338 _aaudio disc
_bsd
_2rdacarrier
500 _aGhostlight Records: 7915581968-2 (on container spine: 1968-2).
500 _aMusical.
500 _aCompact disc.
500 _aNotes ([12] p. : col. ports.) inserted in container.
505 0 0 _tThe flesh failures (Let the sunshine in)
_r(Norm Lewis, Harris Doran, Tribe)
_g(4:18).
_tDonna
_r(Lea DeLaria, Tribe)
_g(2:22) --
_tHashish
_r(Tribe)
_g(1:08) --
_tSodomy
_r(Jai Rodriguez, Tribe)
_g(1:21) --
_tColored spade
_r(Chuck Cooper, Tribe)
_g(1:35) --
_tManchester, England
_r(Euan Morton, Harris Doran, Tribe)
_g(1:20) --
_tDead end
_r(Ana Gasteyer, Tribe)
_g(2:26) --
_tSheila Franklin/I believe in love
_r(Shoshana Bean, Tribe)
_g(1:20) --
_tI'm black/Ain't got no
_r(Tribe)
_g(2:22) --
_tAir
_r(Harvey Fierstein)
_g(1:25) --
_tInitials
_r(Laura Benanti, Tribe)
_g(1:43) --
_tI got life
_r(Adam Pascal, Tribe)
_g(2:25) --
_tGoing down
_r(Gavin Creel, Tribe)
_g(2:07) --
_tHair
_r(Raúl Esparza, Harris Doran, Tribe)
_g(3:07) --
_tMy conviction
_r(Charles Busch)
_g(1:10) --
_tEasy to be hard
_r(Jennifer Hudson)
_g(3:49) --
_tDon't put it down!
_r(John Tartaglia, Christopher Sieber)
_g(1:19) --
_tFrank Mills
_r(Annie Golden)
_g(2:13) --
_tBe-in 'Hare Krishna'
_r(Tribe)
_g(2:26) --
_tWhere do I go?
_r(Julia Murney, Tribe)
_g(2:50) --
_tHippie life
_r(Eden Espinosa, Harris Doran, Tribe)
_g(2:13) --
_tElectric blues
_r(Toxic Audio)
_g(3:03) --
_tBlack boys
_r(Kathy Brier, Orfeh, Ann Harada)
_g(1:29) --
_tWhite boys
_r(Brandi Chavonne Massey, Ledisi, Shayna Steele)
_g(2:45) --
_tWalking in space
_r(Sherie Rene Scott, Tribe)
_g(4:37) --
_tYes I's finished on y'all's farmlands
_r(Tribe)
_g(0:54) --
_tFour score/Abie, baby
_r(Billy Porter, Tribe)
_g(2:41) --
_tGood morning starshine
_r(Liz Callaway, Tribe)
_g(2:30) --
_tThree-five-zero-zero
_r(Tribe)
_g(2:57) --
_tWhat a piece of work is man
_r(Darius de Haas, Paul Castree)
_g(1:44) --
_tThe flesh failures (Let the sunshine in)
_r(Norm Lewis, Harris Doran, Tribe)
_g(4:18).
511 0 _aVarious singers (including Lillias White, Lea DeLaria, Jai Rodriguez, Ana Gasteyer, Shoshana Bean, Harvey Fierstein, Laura Benanti, Adam Pascal, Gavin Creel, Raúl Esparza, Jennifer Hudson, John Tartaglia, Christopher Sieber, Eden Espinosa, Orfeh, Ann Harada, Sherie Rene Scott, Billy Porter, Liz Callaway, Darius de Haas, Norm Lewis) ; instrumental ensemble; Seth Rudetsky, conductor, keyboards.
518 _aRecorded Oct. 1, 2004, at the Hit Factory, New York City; additional recording at Masque Sound and Sound on Sound Studios, New York City.
650 0 _aMusicals.
650 0 _aRock music.
650 7 _aMusicals.
_2fast
_0(OCoLC)fst01030814
655 7 _aMusicals.
_2lcgft
655 7 _aRock music.
_2lcgft
700 1 _aRagni, Gerome.
_4lyr
_4lyr
700 1 _aRado, James.
_4lyr
_4lyr
700 1 _aWhite, Lillias.
_4prf
700 1 _aDeLaria, Lea.
_4prf
700 1 _aRodriguez, Jai.
_4prf
700 1 _aGasteyer, Ana,
_d1967-
_4prf
700 1 _aBean, Shoshana,
_d1977-
_4prf
700 1 _aFierstein, Harvey,
_d1952-
_4prf
700 1 _aBenanti, Laura.
_4prf
700 1 _aPascal, Adam.
_4prf
700 1 _aCreel, Gavin.
_4prf
700 1 _aEsparza, Raúl,
_d1970-
_4prf
700 1 _aHudson, Jennifer,
_d1981-
_4prf
700 1 _aTartaglia, John,
_d1978-
_4prf
700 1 _aSieber, Christopher.
_4prf
700 1 _aEspinosa, Eden.
_4prf
700 0 _aOrfeh
_c(Musician)
_4prf
700 1 _aHarada, Ann.
_4prf
700 1 _aScott, Sherie Rene,
_d1969-
_4prf
700 1 _aPorter, Billy.
_4prf
700 1 _aCallaway, Liz.
_4prf
700 1 _aDe Haas, Darius.
_4prf
700 1 _aLewis, Norm,
_d1963-
_4prf
700 1 _aRudetsky, Seth.
_4prf
_4prf
710 2 _aActors' Fund of America.
999 _c1883
_d1883